Fundamentals of college physics

Saved in:
Bibliographic Details
Main Author: Nolan, Peter J.
Format: Book
Language:English
Published: Dubuque : Wm. C. Brown , 1993
Subjects:
Tags: Add Tag
No Tags, Be the first to tag this record!

MARC

LEADER 00000nam a2200000 i 4500
001 1/93699
008 980728s1993 eng d
020 |a 0-697-12145-3 
035 |l 10008926 
040 |a GR-MY-UA  |b gre  |e aacr 
041 0 |a eng 
082 0 |a 530 
100 1 |a Nolan, Peter J. 
245 1 0 |a Fundamentals of college physics /  |c Peter J. Nolan 
260 |a Dubuque :   |b Wm. C. Brown ,   |c 1993 
300 |a 1069 p.  |b fig. 
504 |a Includes index 
650 0 0 |a Physics. 
852 |a INST  |b LESVOS  |e 19980728  |h 530 NOL  |p 005100010792  |q 005100010792  |t BK  |y 0 
901 |a BIBL-1998-2 
909 |a Λ  |b 036528 
922 |a 1ΕΛΗ  |b 199409  |c ΧΑΛΒΑΔΑΚΗΣ 
950 |a 012-1994-04-11